000 00493nam a2200181Ia 4500
005 20250508162334.0
008 008 250505s9999 xx 000 0 eng d
037 _aTextual
040 _aFEDL
_beng
_cFEDL
041 _aeng
_2eng
084 _a954, NIL
_qFEDL
100 _aNilakanta Sastri K A
245 0 _aDakshin bharat ka itihas
260 _aPatna, India
_bBihar Hindi Granth Akademi
_c1978
300 _a428p.
942 _cTEXL
_h954, NIL
999 _c1375931
_d1375931